00495nam a2200193 a 4500001001300000003000900013005001700022008004100039020000900080082001700089100002700106245002500133260004000158300000900198500003500207505001000242650002200252700002700274nice12345678IN_TiNIC20260116014651.0080610s2008 dela grp 000 0 eng  ac7500a297.24bSID1 aSiddiqui, Abdul Hameed aProphethood in Islam aDelhibMarkazi Maktaba Islamic2008 a107p aincludes index and biblioraphy2 aIndex aIslam-Prophethood1 aSiddiqui, Abdul Hameed